00470nam a22001697a 4500003000400000005001700004008004100021020001600062040000800078082001700086100002000103245006600123250001200189260005400201300001100255650003400266OSt20181023172718.0181023b ||||| |||| 00| 0 eng d a09908950020 cDLC a265.9bS941H aSubritzky, Bill aHow to cast out demons and break curses /cBy Bill Subritzky. a3rd Ed. aAuckland, New Zealand :bDove Ministries, c1994. a84 p.: aCast Out DemonsxBreak Curses